Softvérové pirátstvo z pohľadu študentov slovenských vysokých škôl: empirická štúdia

Objasnenie príčin pirátskeho správania študentov vysokých škôl a to na základe výskumu realizovaného na vysokých školách a univerzitách. Model pirátskeho správania. Vzťahy a súvislosti medzi faktormi, ktoré takéto správanie podporujú.

Saved in:
Bibliographic Details
Main Author: Mesároš, Peter
Format: Book Chapter
Language:Slovak
Subjects:
Tags: Add Tag
No Tags, Be the first to tag this record!

MARC

LEADER 00000naa$a2200000$$$4500
001 0049915
005 20240502071556.9
041 0 |a slo 
044 |a SK 
245 1 0 |a Softvérové pirátstvo z pohľadu študentov slovenských vysokých škôl: empirická štúdia  |c Peter Mesároš 
520 |a Objasnenie príčin pirátskeho správania študentov vysokých škôl a to na základe výskumu realizovaného na vysokých školách a univerzitách. Model pirátskeho správania. Vzťahy a súvislosti medzi faktormi, ktoré takéto správanie podporujú. 
610 2 0 |a softvér 
610 2 0 |a činnosť trestná 
610 2 0 |a technológie informačné 
610 2 0 |a ochrana vlastníctva 
610 2 0 |a školy vysoké 
610 2 0 |a študenti 
100 1 |a Mesároš, Peter